| 000 | 00970nam a22002297a 4500 | ||
|---|---|---|---|
| 005 | 20250416114457.0 | ||
| 008 | 250416b |||||||| |||| 00| 0 eng d | ||
| 020 | _a978-93-92998-40-9 (hbk) | ||
| 037 | _cREF | ||
| 040 |
_aCRL _cCRL |
||
| 041 |
_2hin _ahin |
||
| 084 |
_aO152,3N47x R3.1-.3 _qCRL |
||
| 245 | _aसंचयन स्वयं प्रकाश | ||
| 260 |
_aदिल्ली, भारत: _bनयी किताब प्रकाशन, _c2023. |
||
| 300 | _aभाग 1 (1, 309पृ0); भाग 2 (1, 364पृ0); भाग 3 (1, 324पृ0) | ||
| 365 |
_b2500.00 _cINR |
||
| 650 | _aहिन्दी साहित्य | ||
| 650 | _aहिन्दी कहानी | ||
| 700 | _aपल्लव (संपादक) | ||
| 942 |
_2CC _cREF _hO152,3N47x R3.1-.3 _n0 |
||
| 999 |
_c1309038 _d1309038 |
||